00489nam a2200133Ia 4500008004100000082001800041100005400059245012200113260003900235300001600274520001000290650002800300700002700328230907s9999||||xx |||||||||||||| ||und|| a621.3191bALI aMuhammad Ali Afzal (NUST-2012-60724-MCES-64112-F) 0aRole of IPPs in energy sector of Pakistan, comparison with different countries and policies to ensure positive role / aUSPCAS-E, NUST,bIslamabad :c2015 avi, 7-46 p. aTH-26 aMS-ESE Thesis MS Thesis aDr Muhammad Bilal Khan